[Event "Gibraltar ChallWk2 9th"]
[Site "Gibraltar"]
[Date "2011.01.31"]
[Round "3.14"]
[White "Dennis, Nigel W"]
[Black "Osuna Vega, Enrique"]
[Result "1/2-1/2"]
[WhiteElo "1935"]
[BlackElo "2140"]
[PlyCount "148"]
[EventDate "2011.01.29"]
[EventType "swiss"]
[EventRounds "5"]
[EventCountry "GGB"]
[SourceTitle "BritBase"]
[Source "www.saund.co.uk"]
[SourceDate "2018.02.10"]
[SourceVersion "1"]
[SourceVersionDate "2018.02.10"]
[SourceQuality "1"]

1. e4 c5 2. Nf3 d6 3. d4 cxd4 4. Nxd4 Nf6 5. Nc3 a6 6. Be2 e5 7. Nb3 Be7 8. O-O
b5 9. f4 O-O 10. a3 Bb7 11. Bf3 Nbd7 12. f5 Nb6 13. Na5 Na4 14. Nxb7 Qb6+ 15.
Kh1 Nxc3 16. bxc3 Qxb7 17. Bg5 Rac8 18. Bxf6 Bxf6 19. Qxd6 Rfd8 20. Qb4 Rc4 21.
Qb1 Rxc3 22. Rd1 Rdc8 23. Rd2 Qc6 24. Ra2 h6 25. Qd1 Qc4 26. Rb2 Rxa3 27. Rd6
Rc6 28. Rxc6 Qxc6 29. Rb3 Ra2 30. c3 Ra4 31. g3 Rc4 32. Qa1 Bd8 33. Kg2 a5 34.
Qd1 Bf6 35. Qb1 a4 36. Rxb5 Rxc3 37. Rb6 Rc2+ 38. Kh3 Qc5 39. Rb2 Rxb2 40. Qxb2
a3 41. Qa2 Qa7 42. Bd1 Qg1 43. Be2 Qf2 44. Bc4 Qxa2 45. Bxa2 Kf8 46. Kg4 Ke7
47. Kf3 Bg5 48. Ke2 h5 49. Kd3 h4 50. g4 h3 51. Kc3 Bf4 52. Bc4 Bxh2 53. Bf1
Bf4 54. Bxh3 Bc1 55. Kb3 Kf6 56. Bf1 Kg5 57. Be2 Kf4 58. Bc4 Kxe4 59. Bxf7 Kf4
60. Kc2 Bb2 61. Kd3 e4+ 62. Ke2 Kxg4 63. Be6 Kf4 64. Ke1 Ke5 65. Ke2 g6 66. Bg8
gxf5 67. Kf2 Kd4 68. Ke2 Bc1 69. Kd1 Bh6 70. Ke1 Kd3 71. Kd1 Kc3 72. Ke2 Kb2
73. Kf2 a2 74. Bxa2 Kxa2 1/2-1/2

[Event "Gibraltar ChallWk2 9th"]
[Site "Gibraltar"]
[Date "2011.01.31"]
[Round "3.15"]
[White "Mueller, Hans-Dieter"]
[Black "Kelly, Paul J"]
[Result "1-0"]
[WhiteElo "2097"]
[BlackElo "1924"]
[PlyCount "47"]
[EventDate "2011.01.29"]
[EventType "swiss"]
[EventRounds "5"]
[EventCountry "GGB"]
[SourceTitle "BritBase"]
[Source "www.saund.co.uk"]
[SourceDate "2018.02.10"]
[SourceVersion "1"]
[SourceVersionDate "2018.02.10"]
[SourceQuality "1"]

1. e4 e6 2. Nf3 d5 3. e5 c5 4. b4 cxb4 5. a3 Nc6 6. axb4 Bxb4 7. c3 Bf8 8. d4
Bd7 9. Bd3 f6 10. O-O fxe5 11. dxe5 Nh6 12. Re1 Nf7 13. Qc2 h6 14. Bg6 Be7 15.
Ra4 O-O 16. Rg4 Kh8 17. Bh7 g5 18. Qg6 Qe8 19. h4 Rc8 20. hxg5 Nxg5 21. Qxh6
Rxf3 22. Bg6+ Kg8 23. Bxe8 Rxe8 24. Bxg5 1-0

[Event "Gibraltar ChallWk2 9th"]
[Site "Gibraltar"]
[Date "2011.01.31"]
[Round "3.17"]
[White "Schouten, Freek"]
[Black "Annetts, Ivor S"]
[Result "1-0"]
[WhiteElo "2089"]
[BlackElo "1890"]
[PlyCount "76"]
[EventDate "2011.01.29"]
[EventType "swiss"]
[EventRounds "5"]
[EventCountry "GGB"]
[SourceTitle "BritBase"]
[Source "www.saund.co.uk"]
[SourceDate "2018.02.10"]
[SourceVersion "1"]
[SourceVersionDate "2018.02.10"]
[SourceQuality "1"]

1. d4 d5 2. Nf3 Nf6 3. c4 c6 4. Nc3 e6 5. Bg5 dxc4 6. e4 b5 7. e5 h6 8. Bh4 g5
9. exf6 gxh4 10. Ne5 Qxf6 11. Be2 Bb7 12. Bf3 Bb4 13. O-O Bxc3 14. bxc3 Nd7 15.
Nxc6 Nb6 16. Re1 O-O 17. h3 Rfc8 18. Ne5 Bxf3 19. Nxf3 Nd5 20. Qc1 Kh8 21. Re4
Rg8 22. Rxh4 Rg6 23. Rg4 Rag8 24. Ne5 Rg5 25. a4 a6 26. axb5 axb5 27. Ra2 Rxg4
28. hxg4 Rg7 29. g3 h5 30. Qa3 Kh7 31. Rb2 hxg4 32. Rxb5 Qf5 33. Qc1 Qe4 34.
Rc5 Rg6 35. Nxg6 Kxg6 36. Rxc4 Qd3 37. Rc5 Qe4 38. Qd2 f5 1-0

[Event "Gibraltar ChallWk2 9th"]
[Site "Gibraltar"]
[Date "2011.01.31"]
[Round "3.18"]
[White "Wright, Jonathan"]
[Black "Montabord, Manuel"]
[Result "1-0"]
[WhiteElo "1895"]
[BlackElo "2063"]
[PlyCount "96"]
[EventDate "2011.01.29"]
[EventType "swiss"]
[EventRounds "5"]
[EventCountry "GGB"]
[SourceTitle "BritBase"]
[Source "www.saund.co.uk"]
[SourceDate "2018.02.10"]
[SourceVersion "1"]
[SourceVersionDate "2018.02.10"]
[SourceQuality "1"]

1. e4 c6 2. d4 d5 3. Nc3 dxe4 4. Nxe4 Bf5 5. Ng3 Bg6 6. Nf3 Nd7 7. h4 h6 8. h5
Bh7 9. Bc4 e6 10. Qe2 Ngf6 11. c3 Qc7 12. Bd3 Bxd3 13. Qxd3 Bd6 14. Ne2 O-O-O
15. Be3 e5 16. Qf5 Kb8 17. O-O-O Rhe8 18. Rh4 Qa5 19. Kb1 Bc7 20. g4 Qa6 21.
Nc1 exd4 22. Bxd4 Nb6 23. Rg1 Rd5 24. Qc2 Bf4 25. Nd3 Bd6 26. g5 hxg5 27. Rxg5
Rxg5 28. Nxg5 c5 29. Nxf7 c4 30. Nc1 Nbd5 31. Qf5 Bc7 32. Ne5 Qb5 33. f4 Qa6
34. h6 gxh6 35. Rxh6 Rf8 36. Bc5 Re8 37. Rxf6 Nxf6 38. Qxf6 Qb5 39. Bd4 Qd5 40.
Qf5 b6 41. a3 Kb7 42. Qc2 Rc8 43. Ne2 Qg2 44. Nxc4 Bxf4 45. Nxf4 Qf1+ 46. Qc1
Qxc4 47. Qh1+ Kb8 48. Be5+ Rc7 1-0

[Event "Gibraltar ChallWk2 9th"]
[Site "Gibraltar"]
[Date "2011.01.31"]
[Round "3.19"]
[White "Hegvik, Leif Trygve"]
[Black "Heaton, Paul"]
[Result "0-1"]
[WhiteElo "1814"]
[BlackElo "2027"]
[PlyCount "52"]
[EventDate "2011.01.29"]
[EventType "swiss"]
[EventRounds "5"]
[EventCountry "GGB"]
[SourceTitle "BritBase"]
[Source "www.saund.co.uk"]
[SourceDate "2018.02.10"]
[SourceVersion "1"]
[SourceVersionDate "2018.02.10"]
[SourceQuality "1"]

1. e4 c5 2. Nc3 d6 3. g3 g6 4. Bg2 Bg7 5. d3 Nc6 6. Be3 Rb8 7. f4 e6 8. Nf3 Nd4
9. O-O Ne7 10. Bf2 Nec6 11. Rb1 O-O 12. Ne2 Nxf3+ 13. Bxf3 Nd4 14. Bg2 Bd7 15.
c3 Nxe2+ 16. Qxe2 Bb5 17. Rbd1 Qc7 18. f5 exf5 19. exf5 Rbe8 20. Qd2 Re5 21.
Be3 Rfe8 22. fxg6 hxg6 23. Bh6 Bc6 24. Bxg7 Re2 25. Qh6 Rxg2+ 26. Kh1 Rxg3+ 0-1

[Event "Gibraltar ChallWk2 9th"]
[Site "Gibraltar"]
[Date "2011.01.31"]
[Round "3.21"]
[White "Rough, Robert E"]
[Black "Lochte, Szilvia"]
[Result "1/2-1/2"]
[WhiteElo "1742"]
[BlackElo "2015"]
[PlyCount "88"]
[EventDate "2011.01.29"]
[EventType "swiss"]
[EventRounds "5"]
[EventCountry "GGB"]
[SourceTitle "BritBase"]
[Source "www.saund.co.uk"]
[SourceDate "2018.02.10"]
[SourceVersion "1"]
[SourceVersionDate "2018.02.10"]
[SourceQuality "1"]

1. e4 e6 2. d3 c5 3. f4 g6 4. Nf3 Bg7 5. Be2 Nc6 6. O-O Nge7 7. c3 d6 8. Nbd2
b5 9. Rb1 Qb6 10. Kh1 O-O 11. Re1 Bb7 12. Nf1 Rad8 13. Qc2 d5 14. Be3 d4 15.
cxd4 Nxd4 16. Nxd4 cxd4 17. Bd2 Rc8 18. Qd1 Rc7 19. Rc1 Rfc8 20. Rxc7 Qxc7 21.
Qb1 Bh6 22. Rc1 Nc6 23. e5 Qd7 24. Rc5 Ne7 25. Qc1 Nd5 26. Rxc8+ Qxc8 27. Qxc8+
Bxc8 28. g3 f6 29. exf6 Kf7 30. Ba5 Bf8 31. a3 Kxf6 32. Nd2 b4 33. axb4 Bxb4
34. Ne4+ Ke7 35. Bxb4+ Nxb4 36. Kg1 Ba6 37. Nf2 Kd6 38. Kf1 Nc2 39. Ne4+ Kc6
40. Ng5 Kd6 41. Nxh7 Nb4 42. Ke1 Bxd3 43. Kd2 Bxe2 44. Kxe2 e5 1/2-1/2

[Event "Gibraltar ChallWk2 9th"]
[Site "Gibraltar"]
[Date "2011.01.31"]
[Round "3.22"]
[White "Goodfellow, Russell"]
[Black "Isherwood, Paul"]
[Result "0-1"]
[WhiteElo "1720"]
[BlackElo "2014"]
[PlyCount "76"]
[EventDate "2011.01.29"]
[EventType "swiss"]
[EventRounds "5"]
[EventCountry "GGB"]
[SourceTitle "BritBase"]
[Source "www.saund.co.uk"]
[SourceDate "2018.02.10"]
[SourceVersion "1"]
[SourceVersionDate "2018.02.10"]
[SourceQuality "1"]

1. e4 d6 2. d4 Nf6 3. Nc3 e5 4. dxe5 dxe5 5. Qxd8+ Kxd8 6. Bg5 c6 7. Bc4 Ke8 8.
f3 Nbd7 9. a4 a5 10. Nge2 Bc5 11. Nc1 h6 12. Bd2 Ke7 13. Nd3 Bd6 14. Be3 b6 15.
O-O-O Rb8 16. g4 g5 17. h4 Rg8 18. Rh2 Nf8 19. Nf2 Be6 20. hxg5 hxg5 21. Bd3
N6d7 22. Be2 f6 23. Nh1 Rg7 24. Ng3 Ng6 25. Nd5+ cxd5 26. exd5 e4 27. dxe6 Bxg3
28. Rxd7+ Kf8 29. Rh7 Rxh7 30. Rxh7 Kg8 31. Rf7 Bf4 32. Kd2 exf3 33. Bxf3 Ne5
34. Bxf4 gxf4 35. Bd5 Nxf7 36. exf7+ Kg7 37. Ke2 Kh6 38. Bc6 Rc8 0-1

[Event "Gibraltar ChallWk2 9th"]
[Site "Gibraltar"]
[Date "2011.01.31"]
[Round "3.24"]
[White "Campbell, Ian"]
[Black "Helin, Mikael"]
[Result "0-1"]
[WhiteElo "2000"]
[BlackElo "1914"]
[PlyCount "32"]
[EventDate "2011.01.29"]
[EventType "swiss"]
[EventRounds "5"]
[EventCountry "GGB"]
[SourceTitle "BritBase"]
[Source "www.saund.co.uk"]
[SourceDate "2018.02.10"]
[SourceVersion "1"]
[SourceVersionDate "2018.02.10"]
[SourceQuality "1"]

1. d4 d5 2. Nf3 Nc6 3. e3 Bg4 4. Be2 e6 5. O-O Nf6 6. Nbd2 Bd6 7. c4 Bxf3 8.
Nxf3 Ng4 9. h3 h5 10. cxd5 exd5 11. Bb5 Qe7 12. Qa4 Rd8 13. Bxc6+ bxc6 14.
Qxc6+ Kf8 15. Re1 Rh6 16. e4 Bh2+ 0-1

[Event "Gibraltar ChallWk2 9th"]
[Site "Gibraltar"]
[Date "2011.01.31"]
[Round "3.28"]
[White "Mielke, Torsten"]
[Black "Lada, Ireneusz"]
[Result "1/2-1/2"]
[WhiteElo "1875"]
[BlackElo "2130"]
[PlyCount "93"]
[EventDate "2011.01.29"]
[EventType "swiss"]
[EventRounds "5"]
[EventCountry "GGB"]
[SourceTitle "BritBase"]
[Source "www.saund.co.uk"]
[SourceDate "2018.02.10"]
[SourceVersion "1"]
[SourceVersionDate "2018.02.10"]
[SourceQuality "1"]

1. e4 c6 2. d4 d5 3. e5 Bf5 4. f4 e6 5. Nf3 c5 6. c3 Nc6 7. Bd3 Nge7 8. Be3
Bxd3 9. Qxd3 Qb6 10. b3 Nf5 11. Bf2 h5 12. Nbd2 Be7 13. O-O O-O-O 14. Rfb1 Rdg8
15. a3 Kb8 16. c4 Ncxd4 17. b4 Nxf3+ 18. Nxf3 Rd8 19. bxc5 Qc6 20. Rb5 Rd7 21.
Rab1 d4 22. Ng5 Bxc5 23. Ne4 Be7 24. c5 Rc8 25. h3 h4 26. Nd6 Bxd6 27. cxd6 Qc2
28. Qf3 b6 29. R5b2 Qc3 30. Qd1 Rb7 31. Qa4 Qc6 32. Qxc6 Rxc6 33. Rb4 a5 34.
R4b3 f6 35. Rd3 fxe5 36. fxe5 Rc4 37. Rbd1 Kc8 38. Bxd4 Kd7 39. Bf2 Re4 40. Re1
Rc4 41. Rb1 b5 42. Rdb3 b4 43. axb4 Rcxb4 44. Rxb4 Rxb4 45. Rc1 Rb7 46. Be1 Nd4
47. Kh1 {The remainder of the scoresheet is illegible.} 1/2-1/2

[Event "Gibraltar ChallWk2 9th"]
[Site "Gibraltar"]
[Date "2011.01.31"]
[Round "3.29"]
[White "Brookfield, Toby"]
[Black "Knudsen, Jes West"]
[Result "1-0"]
[WhiteElo "1793"]
[BlackElo "2000"]
[PlyCount "70"]
[EventDate "2011.01.29"]
[EventType "swiss"]
[EventRounds "5"]
[EventCountry "GGB"]
[SourceTitle "BritBase"]
[Source "www.saund.co.uk"]
[SourceDate "2018.02.10"]
[SourceVersion "1"]
[SourceVersionDate "2018.02.10"]
[SourceQuality "1"]

1. f4 d5 2. Nf3 Nc6 3. e3 Bg4 4. Bb5 Qd6 5. O-O O-O-O 6. Bxc6 Qxc6 7. Ne5 Bxd1
8. Nxc6 bxc6 9. Rxd1 Nh6 10. b3 Rg8 11. Bb2 g5 12. Nc3 gxf4 13. exf4 Nf5 14.
Kh1 Rd6 15. Ne2 Rdg6 16. g3 c5 17. Rf1 d4 18. Rf3 Bg7 19. c3 Re6 20. Ng1 Kb7
21. Rc1 h5 22. cxd4 cxd4 23. Rc5 Nd6 24. Rxh5 Rd8 25. Kg2 Re1 26. Rf1 Re4 27.
Nf3 f5 28. Rf2 e6 29. Kf1 Nf7 30. Rh7 Rg8 31. Bxd4 Bxd4 32. Nxd4 Nd6 33. Nf3
Rb4 34. d3 Rd8 35. Rc2 Rc8 1-0

[Event "Gibraltar ChallWk2 9th"]
[Site "Gibraltar"]
[Date "2011.01.31"]
[Round "3.30"]
[White "Gravett, Alan D"]
[Black "Haddock, Paul"]
[Result "1-0"]
[WhiteElo "1869"]
[BlackElo "1757"]
[PlyCount "111"]
[EventDate "2011.01.29"]
[EventType "swiss"]
[EventRounds "5"]
[EventCountry "GGB"]
[SourceTitle "BritBase"]
[Source "www.saund.co.uk"]
[SourceDate "2018.02.10"]
[SourceVersion "1"]
[SourceVersionDate "2018.02.10"]
[SourceQuality "1"]

1. Nf3 Nf6 2. g3 d6 3. d4 Nc6 4. Bg2 g6 5. c4 Bg7 6. d5 Nb8 7. Nc3 O-O 8. O-O
Nbd7 9. h3 Nc5 10. b4 Nce4 11. Bb2 Nh5 12. Qc1 Nxc3 13. Bxc3 e5 14. e4 f5 15.
exf5 gxf5 16. Qg5 Qxg5 17. Nxg5 Bh6 18. Ne6 Bxe6 19. dxe6 Rae8 20. Bxb7 Nf6 21.
Bd5 Nxd5 22. cxd5 a6 23. a4 Rb8 24. f4 exf4 25. gxf4 Rfc8 26. Ra2 c6 27. dxc6
Rxc6 28. Bf6 Rxb4 29. Rg2+ Kf8 30. e7+ Kf7 31. Re1 Rc8 32. Rge2 Re8 33. Re6
Bxf4 34. Bc3 Rxa4 35. Rf6+ Kg8 36. Kf2 Bg5 37. Rg1 h6 38. Rxh6 Rf4+ 39. Ke2
Rxe7+ 40. Kd3 Rf3+ 41. Kc2 Rf2+ 42. Kb3 Rb7+ 43. Ka3 Rc2 44. Rxg5+ Kf8 45. Rh8+
Kf7 46. Rg7+ Ke6 47. Rxb7 Rxc3+ 48. Kb2 Rc6 49. h4 Ke5 50. h5 d5 51. h6 f4 52.
h7 Ke4 53. Re8+ Kd3 54. h8=Q Rc2+ 55. Kb1 Kd2 56. Qd4# 1-0

[Event "Gibraltar ChallWk2 9th"]
[Site "Gibraltar"]
[Date "2011.01.31"]
[Round "3.31"]
[White "Jorgensen, Line Jin"]
[Black "Yarur Elsaca, Daniel"]
[Result "1-0"]
[WhiteElo "1892"]
[BlackElo "1730"]
[PlyCount "75"]
[EventDate "2011.01.29"]
[EventType "swiss"]
[EventRounds "5"]
[EventCountry "GGB"]
[SourceTitle "BritBase"]
[Source "www.saund.co.uk"]
[SourceDate "2018.02.10"]
[SourceVersion "1"]
[SourceVersionDate "2018.02.10"]
[SourceQuality "1"]

1. d4 d5 2. c4 Bf5 3. Nc3 e6 4. Qb3 Nc6 5. Nf3 Nf6 6. a3 Rb8 7. Bg5 Be7 8. e3
O-O 9. cxd5 Nxd5 10. Bxe7 Qxe7 11. Be2 Rfd8 12. O-O Bg6 13. Rac1 Kh8 14. Rfe1
Nf6 15. Qa2 h6 16. b4 Ra8 17. b5 Nb8 18. Ne5 Bh7 19. Bf3 Nbd7 20. Bxb7 Rab8 21.
Nc6 Qd6 22. Nxd8 Rxd8 23. Ne2 Ng4 24. Ng3 Rb8 25. Bf3 Ngf6 26. Rc6 Qe7 27. Rxc7
Bd3 28. a4 Qb4 29. Rec1 Kh7 30. h3 Qa5 31. Qa1 Bg6 32. Ne2 Nb6 33. Nf4 Qxa4 34.
Qxa4 Nxa4 35. Rxa7 Nb6 36. Nxg6 Kxg6 37. Rcc7 Nbd7 38. Bc6 1-0

[Event "Gibraltar ChallWk2 9th"]
[Site "Gibraltar"]
[Date "2011.01.31"]
[Round "3.32"]
[White "Livesey, R Nigel"]
[Black "Savage, Neil"]
[Result "1-0"]
[WhiteElo "1880"]
[BlackElo "1682"]
[PlyCount "77"]
[EventDate "2011.01.29"]
[EventType "swiss"]
[EventRounds "5"]
[EventCountry "GGB"]
[SourceTitle "BritBase"]
[Source "www.saund.co.uk"]
[SourceDate "2018.02.10"]
[SourceVersion "1"]
[SourceVersionDate "2018.02.10"]
[SourceQuality "1"]

1. c4 g6 2. Nc3 Bg7 3. g3 e6 4. Bg2 Ne7 5. e4 c5 6. Nge2 Nbc6 7. d3 a6 8. Be3
d6 9. Qd2 O-O 10. O-O Re8 11. Rab1 Rb8 12. b3 Nd4 13. Bh6 Bh8 14. Nxd4 Bxd4 15.
Ne2 Nc6 16. Nxd4 Nxd4 17. f4 b6 18. h4 e5 19. fxe5 dxe5 20. Bg5 Qd6 21. Rf6 Re6
22. Rbf1 Rb7 23. h5 Rxf6 24. Bxf6 Be6 25. h6 Rd7 26. Qg5 Nc6 27. Bh8 Qf8 28.
Bg7 Qd8 29. Bf6 Qf8 30. Rf3 Qd6 31. Bf1 Nb4 32. Bxe5 Qe7 33. Bf6 Qe8 34. a3 Nc2
35. Rf2 Ne1 36. Qd2 Qb8 37. e5 Nxd3 38. Bxd3 Rd4 39. Rf4 1-0

[Event "Gibraltar ChallWk2 9th"]
[Site "Gibraltar"]
[Date "2011.02.01"]
[Round "4.1"]
[White "Henriksson, Johan"]
[Black "Dasaolu, Adeoye"]
[Result "0-1"]
[WhiteElo "2243"]
[BlackElo "2107"]
[PlyCount "76"]
[EventDate "2011.01.29"]
[EventType "swiss"]
[EventRounds "5"]
[EventCountry "GGB"]
[SourceTitle "BritBase"]
[Source "www.saund.co.uk"]
[SourceDate "2018.02.10"]
[SourceVersion "1"]
[SourceVersionDate "2018.02.10"]
[SourceQuality "1"]

1. d4 Nf6 2. Nf3 e6 3. g3 d5 4. Bg2 b5 5. O-O c5 6. a4 b4 7. c4 bxc3 8. bxc3
Bb7 9. a5 Bd6 10. Qb3 Qc8 11. dxc5 Bxc5 12. Ba3 Nbd7 13. Nfd2 Rb8 14. Qc2 O-O
15. Rc1 Qc7 16. Nb3 Bd6 17. Bxd6 Qxd6 18. Na3 Rfc8 19. Nb5 Qa6 20. N5d4 Ne5 21.
e3 Qd3 22. Bf1 Qxc2 23. Rxc2 Nc4 24. a6 Ba8 25. Na5 Nxa5 26. Rxa5 Rb1 27. Rb5
Ra1 28. c4 dxc4 29. Rxc4 Rd8 30. Nc6 Bxc6 31. Rxc6 g6 32. Kg2 Rd2 33. Rb4 Nd5
34. Rb3 Raa2 35. e4 Rxf2+ 36. Kg1 Nf6 37. h3 Nxe4 38. Re3 Ra1 0-1

[Event "Gibraltar ChallWk2 9th"]
[Site "Gibraltar"]
[Date "2011.02.01"]
[Round "4.2"]
[White "Spence, David J"]
[Black "Haga, Halvor"]
[Result "0-1"]
[WhiteElo "2231"]
[BlackElo "2024"]
[PlyCount "64"]
[EventDate "2011.01.29"]
[EventType "swiss"]
[EventRounds "5"]
[EventCountry "GGB"]
[SourceTitle "BritBase"]
[Source "www.saund.co.uk"]
[SourceDate "2018.02.10"]
[SourceVersion "1"]
[SourceVersionDate "2018.02.10"]
[SourceQuality "1"]

1. e4 Nf6 2. e5 Nd5 3. d4 d6 4. Nf3 dxe5 5. Nxe5 c6 6. c4 Nb4 7. Be3 Bf5 8. Nd3
e5 9. Nxb4 Bxb4+ 10. Nc3 exd4 11. Qxd4 Qxd4 12. Bxd4 O-O 13. O-O-O Rd8 14. Be2
Nd7 15. g4 Bg6 16. a3 Nc5 17. Bxc5 Bxc5 18. Rhf1 Rxd1+ 19. Nxd1 Re8 20. Kd2
Rd8+ 21. Kc1 f5 22. gxf5 Bxf5 23. Ne3 Bh3 24. Rg1 Rf8 25. Rg3 Rxf2 26. Bd3 Rxh2
27. Nc2 Bd6 28. Rf3 Bg4 29. Rf1 Be2 30. Bxe2 Rxe2 31. Rd1 Bf4+ 32. Kb1 Rd2 0-1

[Event "Gibraltar ChallWk2 9th"]
[Site "Gibraltar"]
[Date "2011.02.01"]
[Round "4.3"]
[White "Zygouris, Hristos"]
[Black "Daoudi, Kamal"]
[Result "0-1"]
[WhiteElo "2215"]
[BlackElo "2155"]
[PlyCount "74"]
[EventDate "2011.01.29"]
[EventType "swiss"]
[EventRounds "5"]
[EventCountry "GGB"]
[SourceTitle "BritBase"]
[Source "www.saund.co.uk"]
[SourceDate "2018.02.10"]
[SourceVersion "1"]
[SourceVersionDate "2018.02.10"]
[SourceQuality "1"]

1. e4 e5 2. Nf3 Nc6 3. d4 exd4 4. Nxd4 Bb4+ 5. c3 Bc5 6. Nxc6 bxc6 7. Bd3 Qh4
8. Qe2 Nf6 9. h3 O-O 10. g3 Qh5 11. g4 Qe5 12. f4 Qe7 13. Nd2 d6 14. g5 Nd7 15.
Nf3 Bb6 16. Be3 Bxe3 17. Qxe3 Nc5 18. Bc2 Re8 19. e5 Be6 20. O-O Bxh3 21. Rf2
Bg4 22. Re1 Nd7 23. Qe4 g6 24. Qxc6 Bxf3 25. Rxf3 Qe6 26. Bb3 Qg4+ 27. Kf1 Nc5
28. Bd5 Rac8 29. b4 Ne6 30. Qd7 Rcd8 31. Qc6 Nxf4 32. Rf2 dxe5 33. Bg2 Nd3 34.
Qxc7 Nxf2 35. Rxe5 Rd1+ 36. Kxf2 Rd2+ 37. Ke1 Qd1# 0-1

[Event "Gibraltar ChallWk2 9th"]
[Site "Gibraltar"]
[Date "2011.02.01"]
[Round "4.4"]
[White "Vea, Odin Blikra"]
[Black "Jameson, David"]
[Result "0-1"]
[WhiteElo "2214"]
[BlackElo "2054"]
[PlyCount "158"]
[EventDate "2011.01.29"]
[EventType "swiss"]
[EventRounds "5"]
[EventCountry "GGB"]
[SourceTitle "BritBase"]
[Source "www.saund.co.uk"]
[SourceDate "2018.02.10"]
[SourceVersion "1"]
[SourceVersionDate "2018.02.10"]
[SourceQuality "1"]

1. e4 e5 2. Nf3 Nc6 3. Bb5 a6 4. Ba4 Nf6 5. Bxc6 dxc6 6. d3 Bc5 7. O-O Qd6 8.
Nbd2 Be6 9. b3 O-O 10. Bb2 Nd7 11. Nc4 Bxc4 12. bxc4 Rad8 13. Nh4 b5 14. Nf5
Qf6 15. cxb5 cxb5 16. Kh1 g6 17. Nh6+ Kg7 18. Ng4 Qe6 19. f4 f6 20. f5 Qd6 21.
Qf3 Bd4 22. c3 Bc5 23. Qh3 g5 24. Qh6+ Kg8 25. Rad1 Ba3 26. Bxa3 Qxa3 27. h4
gxh4 28. Qxh4 Kh8 29. d4 Qe7 30. dxe5 Nxe5 31. Rxd8 Qxd8 32. Nxe5 fxe5 33. f6
Qd2 34. f7 Qd6 35. Rf5 Qg6 36. Qe7 Qh6+ 37. Kg1 Qc1+ 38. Kh2 Qh6+ 39. Kg3 Qe3+
40. Rf3 Qh6 41. Rf5 Qe3+ 42. Rf3 Qh6 43. Rf1 Qe3+ 44. Kh4 Qh6+ 45. Kg4 Qg6+ 46.
Kh3 Qh5+ 47. Qh4 Qxh4+ 48. Kxh4 Kg7 49. Kg5 h6+ 50. Kg4 c6 51. Rf5 a5 52. Rxe5
Rxf7 53. Rc5 Rf2 54. g3 Rxa2 55. Rxc6 Rc2 56. Rb6 Rxc3 57. Rxb5 a4 58. Ra5 a3
59. Kf4 Kf7 60. g4 Kg7 61. Ra7+ Kf6 62. Ra6+ Kg7 63. Kf5 Rf3+ 64. Ke5 Rg3 65.
Ra7+ Kg6 66. Kf4 Rb3 67. Ra6+ Kg7 68. e5 Kf7 69. Rxh6 Rb4+ 70. Kf5 Ra4 71. e6+
Kg7 72. e7 Ra5+ 73. Ke6 Ra6+ 74. Kd5 Ra5+ 75. Kc6 Kf7 76. Kb6 a2 77. Re6 Ke8
78. Kxa5 a1=Q+ 79. Kb6 Qd4+ 0-1

[Event "Gibraltar ChallWk2 9th"]
[Site "Gibraltar"]
[Date "2011.02.01"]
[Round "4.6"]
[White "Tari, Aryan"]
[Black "Elishev, Ivan"]
[Result "1-0"]
[WhiteElo "2097"]
[BlackElo "2226"]
[PlyCount "79"]
[EventDate "2011.01.29"]
[EventType "swiss"]
[EventRounds "5"]
[EventCountry "GGB"]
[SourceTitle "BritBase"]
[Source "www.saund.co.uk"]
[SourceDate "2018.02.10"]
[SourceVersion "1"]
[SourceVersionDate "2018.02.10"]
[SourceQuality "1"]

1. e4 c5 2. Nf3 Nc6 3. Nc3 g6 4. d4 cxd4 5. Nxd4 Bg7 6. Be3 Nf6 7. Bc4 h5 8. h3
d6 9. O-O Bd7 10. Bb3 O-O 11. f4 Nxd4 12. Bxd4 Bc6 13. Qd3 e6 14. Rad1 b5 15.
Nxb5 Bxe4 16. Qe3 Bc6 17. Nxd6 Qxd6 18. Bxf6 Qxd1 19. Rxd1 Bxf6 20. c3 Rfd8 21.
Rxd8+ Bxd8 22. Kh2 Bb6 23. Qe2 Rd8 24. Bc2 h4 25. g3 Bc7 26. Bxg6 Kf8 27. Bd3
Ke7 28. Be4 Bxe4 29. Qxe4 Rd2+ 30. Kh1 hxg3 31. Qb7 Kd8 32. Qa8+ Kd7 33. Qxa7
Rxb2 34. a4 Kc6 35. a5 Bd6 36. Qa6+ Kc7 37. Qc4+ Kd8 38. a6 Bb8 39. Qd4+ Kc8
40. a7 1-0

[Event "Gibraltar ChallWk2 9th"]
[Site "Gibraltar"]
[Date "2011.02.01"]
[Round "4.7"]
[White "Jaunooby, Ali R"]
[Black "Schouten, Freek"]
[Result "1-0"]
[WhiteElo "2207"]
[BlackElo "2089"]
[PlyCount "71"]
[EventDate "2011.01.29"]
[EventType "swiss"]
[EventRounds "5"]
[EventCountry "GGB"]
[SourceTitle "BritBase"]
[Source "www.saund.co.uk"]
[SourceDate "2018.02.10"]
[SourceVersion "1"]
[SourceVersionDate "2018.02.10"]
[SourceQuality "1"]

1. d4 d5 2. c4 c6 3. Nf3 Nf6 4. Nc3 e6 5. Bg5 h6 6. Bh4 g5 7. Bg3 dxc4 8. e4 b5
9. Be2 Bb7 10. h4 g4 11. Ne5 Bb4 12. Bxg4 Nbd7 13. Qf3 Qe7 14. O-O Rg8 15. Bh3
a6 16. Rfe1 Nxe5 17. Bxe5 Nd7 18. Bg3 Qf6 19. Qe3 Kf8 20. a3 Ba5 21. Bd6+ Kg7
22. Bb4 Bb6 23. e5 Qxh4 24. Ne4 c5 25. dxc5 Bxe4 26. cxb6 Bd5 27. Rad1 Nf8 28.
Rd4 Qh5 29. Be7 Kh7 30. Rh4 Qg6 31. f3 Nd7 32. Rd1 Rae8 33. Bd6 Nb8 34. Rxd5
exd5 35. Bf5 Nc6 36. Qxh6# 1-0

[Event "Gibraltar ChallWk2 9th"]
[Site "Gibraltar"]
[Date "2011.02.01"]
[Round "4.8"]
[White "Heaton, Paul"]
[Black "Seyfried, Claus"]
[Result "1-0"]
[WhiteElo "2027"]
[BlackElo "2173"]
[PlyCount "89"]
[EventDate "2011.01.29"]
[EventType "swiss"]
[EventRounds "5"]
[EventCountry "GGB"]
[SourceTitle "BritBase"]
[Source "www.saund.co.uk"]
[SourceDate "2018.02.10"]
[SourceVersion "1"]
[SourceVersionDate "2018.02.10"]
[SourceQuality "1"]

1. c4 e5 2. g3 Nf6 3. Bg2 Nc6 4. Nc3 Bb4 5. Nd5 Bc5 6. d3 h6 7. Nf3 O-O 8. O-O
Re8 9. a3 a5 10. b3 d6 11. Bb2 Nxd5 12. cxd5 Nd4 13. e3 Nxf3+ 14. Bxf3 Bh3 15.
Bg2 Qd7 16. Rc1 Bxg2 17. Kxg2 Qf5 18. e4 Qg5 19. f4 Qe7 20. fxe5 dxe5 21. Rf5
Bd6 22. Qc2 g6 23. Rf3 Rac8 24. Rcf1 Rf8 25. Bc1 Kg7 26. Qd2 Rh8 27. Rxf7+ Qxf7
28. Rxf7+ Kxf7 29. Qxa5 Ke7 30. Qc3 c6 31. dxc6 Rxc6 32. Qe1 Rc2+ 33. Kh3 h5
34. Bg5+ Ke6 35. Qa5 Rc5 36. Qb6 Rb8 37. b4 Rc3 38. Qb5 Rxa3 39. d4 exd4 40.
Qd5+ Kd7 41. e5 Ra6 42. exd6 Rxd6 43. Qf7+ Kc6 44. Qc4+ Kd7 45. Bf4 1-0